000 00881cam a2200241 4500
001 ABS63036
008 000000n2000 000 0 eng u
035 _a(Sirsi) u108889
100 _aSmith, S.
245 _aFrench bliss
260 _c2000
490 _aAccountancy
_v126(1286) October 2000, 70-71(2)
520 _aWith the recent recovery in prices, the French property market now looks attractive, both for leisure purposes or as an investment. Provides guidance on how to go about buying a property in France. Looks at the legalities, including succession law and inheritance tax, and opportunites for lettings.
590 _aABS
650 _aFRANCE
650 _aINVESTMENT OPPORTUNITIES
650 _aLETTINGS MARKET
650 _aINHERITANCE TAX
650 _aSUCCESSION LAW
650 _aHOLIDAY HOMES
690 _aINTERNATIONAL-EUROPE
942 _n0
999 _c65007
_d65007